| Поле | Инд. | ПП | Название | Значение |
|---|---|---|---|---|
| Тип записи | a | |||
| Библиографический уровень | b | |||
| 001 | Контрольный номер | RU/IS/BASE/148579047 | ||
| 005 | Дата корректировки | 20240801134209.4 | ||
| 084 | a | Индекс другой классификации/Индекс ББК | 66.1(0)-23; 60.000.3; 66.01; 66.094 | |
| 100 | 1_ | a | Автор | Рыбаков С. Е. |
| 245 | a | Заглавие | Анатомия этнической деструктивности | |
| 504 | a | Библиография | Библиогр. ссылки | |
| 650 | a | Основная рубрика | история политических учений | |
| a | Основная рубрика | политика | ||
| a | Основная рубрика | политическая философия (философия политики) | ||
| a | Основная рубрика | политология | ||
| a | Основная рубрика | социальная философия | ||
| a | Основная рубрика | философия | ||
| a | Основная рубрика | этнополитология | ||
| 653 | a | Ключевые слова | "европейский национализм" | |
| a | Ключевые слова | гражданская нация | ||
| a | Ключевые слова | нациогенез | ||
| a | Ключевые слова | национализм | ||
| a | Ключевые слова | национальное государство | ||
| a | Ключевые слова | нация | ||
| a | Ключевые слова | философская антропология (философия человека) | ||
| a | Ключевые слова | этничность | ||
| a | Ключевые слова | этнократия | ||
| a | Ключевые слова | этнос | ||
| 773 | t | Заглавие источника | Вестник Московского университета. Серия 18, Социология и политология | |
| d | Дата издания источника | 2001 | ||
| g | Прочая информация | № 3. - С. 22 - 54 | ||
| w | Контрольный № источника | RU/IS/BASE/148578725 | ||
| 901 | t | Тип документа | b |